00837nam a22001937a 450000500170000000800410001702000150005805000220007310000300009524501230012525000110024826000300025930000210028950001670031050400280047765000550050565000390056065100440059920240104134021.0180516t sp a gr|||| 000 0 spa|| a848155831104aJN8221 bR36 20021 aRamiro Sánchez, Antonio10aDemandas de calidad de la administración pública b : un derecho de la ciudadanía c / Antonio Ramiro Sánchez. a1a ed. aMadrid :bDykinson,c2002 a242 p. ;c21 cm. aEn la pasta :Sistemas gerencialistas y modernización administrativa en España y América Latina. Evaluación de resultados, transparencia y responsabilidad. aIncluye bibliografías 4aAdministración públicaxEvaluaciónzEspaña 4aAdministración publicazEspaña 4aEspaña xPolítica y gobiernoy1975-